000 01229nam a2200373 i 4500
001 1954
003 KOSZ 005
005 20220117102513.0
008 990506s1983 pl a f f |000 0 pol
015 _aPB 1984/1810
020 _a8301047909
040 _aWA N
_cWA N
_dKOSZ 005/HR
041 0 _apol
046 _k1983
080 _a681.5
080 _a004
080 _a519.7
080 _a(075.8)
100 1 _aNiederliński, Antoni
_d(1937-2018)
_eAutor
245 1 0 _aSystemy i sterowanie :
_bwstęp do automatyki i cybernetyki technicznej : [skrypt dla studentów wyższych szkół technicznych] /
_cAntoni Niederliński.
260 _aWarszawa ;
_aŁódź :
_bPańst. Wydaw. Naukowe,
_c1983.
300 _a488, [3] s. :
_brys., wykr. ;
_c24 cm.
380 _aKsiążki
388 _a1901-2000
388 _a1945-1989
504 _aBibliogr. s. 487-[489].
650 4 _aTeoria systemów
650 4 _aAutomatyka
655 4 _aPodręczniki akademickie
658 _aInżynieria i technika
710 2 _aPaństwowe Wydawnictwo Naukowe
_4pbl.
856 _uhttp://koha.tu.koszalin.pl/cgi-bin/koha/opac-detail.pl?biblionumber=1954
_yKatalog online BPK
942 _2UKD
_cKS
999 _c1954
_d1954